Fairy Tales by Spanish Translation Quiz Stats

 Plays Quiz Updated Feb 22, 2019

Score 0/16 Timer 03:00
1 Play Today
% Correct
Blanca Nieves y los siete enanitos
95.1%
Juan y los frijoles mágicos
93.9%
El gato con botas
93.6%
El traje nuevo del emperador
92.6%
La bella y la bestia
92.5%
La princesa y el guisante
92.5%
La tortuga y la liebre
92.5%
Los elfos y el zapatero
92%
% Correct
Los tres cerditos
91.8%
Ricitos de oro y los tres osos
91.5%
La caperucita roja
88.8%
Pollita Pequeñita
88.5%
La bella durmiente
87.4%
El patito feo
85.6%
El príncipe rana
84.9%
La sirenita
76.3%

You're not logged in!

Compare scores with friends on all Sporcle quizzes.
OR
Log In

Sporcle TV

Today on Sporcle TV


Watch our educational content, quiz creation guides, and fun videos on Sporcle TV.

Show Comments

Extras

Top Quizzes Today


Score Distribution

Your Account Isn't Verified!

In order to create a playlist on Sporcle, you need to verify the email address you used during registration. Go to your Sporcle Settings to finish the process.

Report this User

Report this user for behavior that violates our Community Guidelines.

Details: